NCAA Football Players With a 95+ College Football 26 Rating - Statistics

General Stats
  • This quiz has been taken 386 times
    195 since last reset
  • The average score is 4 of 6
Answer Stats
Team Player % Correct
98 Ohio State Jeremiah Smith
97%
95 Alabama Ryan Williams
83%
95 Notre Dame Jeremiyah Love
79%
96 Ohio State Caleb Downs
75%
95 Texas Anthony Hill Jr.
31%
95 Clemson T.J. Parker
21%
No matching quizzes found
Score Distribution
Percent of People with Each Score
Percentile by Number Answered
Your Score History
You have not taken this quiz since the last reset